[Event "Open"]
[Site "Trinec CZE"]
[Date "2001.12.28"]
[Round "3"]
[White "Lobejko,R"]
[Black "Talla,V"]
[Result "1-0"]
[WhiteElo "2344"]
[BlackElo "2397"]

1.Nf3 d5 2.g3 g6 3.Bg2 Bg7 4.O-O c5 5.d4 cxd4 6.Nxd4 Nf6 7.Nc3 Nc6 8.e4 Nxd4
9.Qxd4 dxe4 10.Qxd8+ Kxd8 11.Rd1+ Bd7 12.Bg5 Kc8 13.Nxe4 Nxe4 14.Bxe4 Bc6
15.Bxc6 bxc6 16.c3 f6 17.Be3 Rd8 18.Bc5 Bf8 19.Rxd8+ Kxd8 20.f4 Kc7 21.Re1 Kd7
22.Bd4 a6 23.Kf2 Re8 24.Kf3 Bg7 25.Ke4 Kd6 26.Kd3 e5 27.fxe5+ fxe5 28.Bf2 Rf8
29.Be3 Ke6 30.Ke4 Rb8 31.Re2 Rd8 32.Rd2 Rb8 33.Bc5 Bf8 34.b4 a5 35.a3 Ra8
36.c4 axb4 37.axb4 Bxc5 38.bxc5 Ra4 39.Rd6+ Ke7 40.Kxe5 Rxc4 41.Rxc6 Kd7
42.Rd6+ Kc7 43.Ke6 Re4+ 44.Kf6 Re2 45.h4 Re3 46.g4 Re4 47.Kg5 Re5+ 48.Kh6 Re7
49.Kg5 Re5+ 50.Kf6 Re4 51.h5 gxh5 52.gxh5 Rg4 53.h6 Rg6+ 54.Ke5 Rg5+ 55.Kd4 Rg4+
56.Kd5 Rg5+ 57.Kc4 Rh5 58.Rf6 Rh1 59.Kd5 Rh5+ 60.Ke6 Rxc5 61.Rf7+ Kc6 62.Kf6 Kd6
63.Rxh7 Rh5 64.Rh8  1-0

[Event "5th New Year ELO"]
[Site "Lohmar GER"]
[Date "2001.12.29"]
[Round "3"]
[White "Schott,G"]
[Black "Koenig,C"]
[Result "1-0"]
[WhiteElo "2118"]
[BlackElo "2190"]

1.Nf3 d5 2.g3 Nf6 3.d4 c6 4.Bg2 Bf5 5.O-O e6 6.c4 Nbd7 7.Nc3 h6 8.Nd2 Bb4
9.Qb3 Qa5 10.a3 Bxc3 11.bxc3 b5 12.cxd5 cxd5 13.a4 Rb8 14.axb5 Qxa1 15.Ba3 Rxb5
16.Rxa1 Rxb3 17.Nxb3 Kd8 18.Bd6 Ne8 19.Bb4 Bc2 20.Nc5 Nxc5 21.dxc5 Kd7 22.Rxa7+ Nc7
23.Ba5 Rc8 24.c4 Bb3 25.cxd5 exd5 26.Bh3+  1-0

[Event "TCh-NOR Qualifier"]
[Site "NOR"]
[Date "2001.??.??"]
[Round "3"]
[White "Hole,O"]
[Black "Lie,Es"]
[Result "1-0"]
[WhiteElo "2248"]
[BlackElo "2168"]

1.Nf3 d5 2.g3 Nf6 3.Bg2 Nbd7 4.O-O e5 5.d3 c6 6.c4 Bd6 7.cxd5 Nxd5 8.b3 O-O
9.Bb2 Qe7 10.Nbd2 b5 11.Ne4 Bc7 12.Rc1 Bb7 13.a3 f5 14.Nc3 Bb6 15.Rc2 g5
16.Qa1 Rae8 17.Rd1 g4 18.Ne1 f4 19.Ne4 fxg3 20.hxg3 Ne3 21.Qc1 Nxd1 22.Qxd1 Nf6
23.e3 Nxe4 24.Bxe4 Qg5 25.Ng2 Re6 26.b4 Rh6 27.Rd2 Qh5 28.Qb3+ Kh8 29.Kf1 Rhf6
30.Kg1 Bc7 31.d4 exd4 32.Bxd4 Be5 33.Nf4 Qe8 34.Bg2 Bxd4 35.Rxd4 c5 36.bxc5 Bxg2
37.Kxg2 Qc6+ 38.Rd5 Rf5 39.Qc3+ Qf6 40.Qd3 Rxd5 41.Qxd5 a5 42.c6 b4 43.axb4 axb4
44.c7 Qa1 45.Ne6 Qa8 46.e4  1-0

[Event "Open"]
[Site "Trinec CZE"]
[Date "2002.01.01"]
[Round "8"]
[White "Lobejko,R"]
[Black "Splosnov,S"]
[Result "1/2-1/2"]
[WhiteElo "2344"]
[BlackElo "2400"]

1.Nf3 d5 2.g3 c6 3.Bg2 Bg4 4.O-O Nd7 5.d4 Ngf6 6.Nbd2 Bxf3 7.exf3 e6 8.f4 Bd6
9.c4 O-O 10.b3 Re8 11.Bb2 Bb4 12.Nf3 Ne4 13.Qe2 Bf8 14.Ne5 f5 15.Nd3  1/2-1/2

[Event "5th New Year ELO"]
[Site "Lohmar GER"]
[Date "2002.01.02"]
[Round "6"]
[White "Schott,G"]
[Black "Stanetzek,C"]
[Result "1-0"]
[WhiteElo "2118"]
[BlackElo "2213"]

1.Nf3 d5 2.g3 c6 3.Bg2 Bg4 4.d3 Nd7 5.Nbd2 Ngf6 6.h3 Bh5 7.O-O e6 8.c3 Bd6
9.e4 O-O 10.Re1 Qc7 11.Qe2 e5 12.g4 Bg6 13.Nh4 Rfe8 14.Nf1 dxe4 15.dxe4 b5
16.Ng3 Nc5 17.g5 Nfd7 18.Nhf5 Bf8 19.h4 Ne6 20.h5 Nf4 21.Qg4 Bxf5 22.Nxf5 Rad8
23.Bxf4 exf4 24.Rad1 c5 25.Bh3 Kh8 26.Nxg7 Kxg7 27.h6+ Kg8 28.Rxd7 Rxd7 29.Qxd7 Qxd7
30.Bxd7 Re5 31.Bf5 Be7 32.Rd1 Bxg5 33.Rd6 Kf8 34.Kg2 f6 35.Ra6 Re7 36.Kf3 Kf7
37.Rc6 b4 38.Rxc5 bxc3 39.bxc3 Bxh6 40.Bxh7 Rb7 41.Bf5 Bf8 42.Rc6 Be7 43.Be6+ Kg6
44.Kxf4 Rb6 45.Bf5+ Kf7 46.Be6+ Kg6 47.Rxb6 axb6 48.Kg4 Ba3 49.f4 Bb2 50.c4 Kg7
51.Kf5 Kf8 52.a4 Ke7 53.e5 fxe5 54.fxe5 Ba3 55.Bc8 Bb4 56.Ke4 Kd8 57.Ba6 Kc7
58.Kd5 Bf8 59.Bb5 Bb4 60.e6 Be7 61.Bc6 Bf8 62.Ba8 Be7 63.Bc6 Bf8 64.c5 bxc5
65.a5 Be7 66.Bb5 Kb7 67.a6+ Kb6 68.Bc4 Bf8 69.Ke5 Be7 70.Kf5  1-0

[Event "4th Hilton Open"]
[Site "Basel SUI"]
[Date "2002.01.03"]
[Round "4"]
[White "Tukmakov,V"]
[Black "Izsak,Gyu"]
[Result "1-0"]
[WhiteElo "2572"]
[BlackElo "2436"]

1.Nf3 d5 2.g3 Nf6 3.Bg2 c6 4.O-O Bg4 5.d4 Bxf3 6.Bxf3 e6 7.Nd2 Nbd7 8.e4 dxe4
9.Nxe4 Nxe4 10.Bxe4 Nf6 11.Bg2 Bd6 12.c3 O-O 13.a4 Bc7 14.Qb3 Rb8 15.Be3 a5
16.Rad1 Nd5 17.Bc1 b5 18.Rfe1 Qd7 19.Re2 Rfe8 20.Qc2 Bd8 21.h4 h6 22.h5 Nf6
23.Bf3 Be7 24.Bf4 Bd6 25.Be5 Nd5 26.Ra1 Bxe5 27.dxe5 Qc7 28.Rd1 Rbd8 29.Qb3 Rb8
30.axb5 Rxb5 31.Qa3 Qb6 32.Kg2 Rb3 33.Qa1 Rb8 34.Rdd2 Qb5 35.Be4 Qc5 36.Qa4 R3b6
37.Bd3 f5 38.exf6 Nxf6 39.Bc4 Qxh5 40.Bxe6+ Kh8 41.Qf4 Qc5 42.Ba2 Rb5 43.Rd6 Qg5
44.Qc4 Qf5 45.Rxc6 Rf8 46.Bb1 Qh5 47.Qd3 Rb7 48.Rce6 Qf7 49.Qf5 a4 50.Ba2 a3
51.bxa3 Ra7 52.Qc5 Rc7 53.Qd4 Qh5 54.R6e5 Qg6 55.Be6 Qb1 56.c4 Qb7+ 57.Bd5 Qc8
58.Re7 Qd8 59.Rxc7 Qxc7 60.Qe5 Qd8 61.Qd4  1-0

[Event "Rilton Cup"]
[Site "Stockholm SWE"]
[Date "2002.01.03"]
[Round "7"]
[White "Hillarp Persson,T"]
[Black "Ulibin,M"]
[Result "0-1"]
[WhiteElo "2450"]
[BlackElo "2580"]

1.Nf3 d5 2.g3 g6 3.Bg2 Bg7 4.O-O e5 5.d3 Ne7 6.e4 O-O 7.exd5 Nxd5 8.Nc3 Ne7
9.Re1 Nbc6 10.Bd2 h6 11.b4 a6 12.a4 Nf5 13.Rb1 Nfd4 14.Nxd4 Nxd4 15.Ne4 Rb8
16.a5 Bd7 17.Nc5 Bc6 18.Bxc6 Nxc6 19.Bc3 Qd5 20.Qe2 f5 21.Qf1 Rfd8 22.Qg2 Bf8
23.Qxd5+ Rxd5 24.Ne6 Bd6 25.f4 Kf7 26.fxe5 Nxe5 27.Nf4 Nf3+ 28.Kf2 Nxe1 29.Nxd5 Nxc2
30.Rb3 Re8 31.Bb2 c6 32.Nb6 Ne3 33.Nc4 Ng4+ 34.Kf1 Nxh2+ 35.Kg1 Bxg3 36.d4 Re1+
37.Kg2 Bc7 38.Rd3 Re2+ 39.Kg1 Ng4 40.d5 cxd5 41.Rxd5 Ke6  0-1

[Event "Troll Masters"]
[Site "Gausdal NOR"]
[Date "2002.01.04"]
[Round "1"]
[White "Hole,O"]
[Black "Reefat,S"]
[Result "0-1"]
[WhiteElo "2248"]
[BlackElo "2450"]

1.Nf3 d5 2.g3 c6 3.Bg2 Nf6 4.O-O Bf5 5.d3 Nbd7 6.Nbd2 e5 7.Qe1 h6 8.e4 dxe4
9.dxe4 Bh7 10.Qe2 Bc5 11.b3 O-O 12.Bb2 Re8 13.Nh4 a5 14.a4 Bd4 15.c3 Bc5
16.Nf5 Bxf5 17.exf5 e4 18.Nc4 b5 19.axb5 cxb5 20.Ne3 Qb6 21.b4 Bxe3 22.fxe3 a4
23.Rad1 a3 24.Ba1 Ne5 25.Rd4 Nc4 26.Rf4 Rad8 27.Qe1 Rxd4 28.cxd4 Nd6 29.d5 Nxd5
30.Bd4 Qa6 31.Rf2 Qa4 32.Qa1 f6 33.Bc5 Nc4 34.Qd4 Ndxe3 35.Re2 a2  0-1

[Event "Keres Mem Rapid"]
[Site "Tallinn EST"]
[Date "2002.01.06"]
[Round "5"]
[White "Seeman,T"]
[Black "Sveshnikov,E"]
[Result "0-1"]
[WhiteElo "2441"]
[BlackElo "2565"]

1.Nf3 d5 2.g3 c6 3.Bg2 Nf6 4.O-O Bf5 5.b3 e6 6.Bb2 Bd6 7.d3 Qe7 8.Nbd2 Ba3
9.Qc1 Bxb2 10.Qxb2 O-O 11.Ne5 Rd8 12.e4 dxe4 13.Nxe4 Bxe4 14.dxe4 Nbd7 15.Rad1 Nxe5
16.Qxe5 Rd7 17.Rxd7 Qxd7 18.Bf3 Rd8 19.Rd1 Qe7 20.Rxd8+ Qxd8 21.b4 h6 22.a4 a6
23.Kg2 Ne8 24.b5 cxb5 25.axb5 Qc7 26.Qxc7 Nxc7 27.bxa6 bxa6 28.Kf1 e5 29.Ke2 Kf8
30.Kd3 Ke7 31.Kc4 Kd6 32.c3 Kc6 33.Bh5 Nb5 34.Kb4 Nd6 35.Ka5 g6 36.Be2 Nxe4
37.Bf3 f5 38.Kxa6 Kc5 39.Bxe4 fxe4 40.Kb7 e3 41.fxe3 e4 42.Kc7 Kc4 43.Kd6 Kxc3
44.Ke5 Kd3  0-1

[Event "ch-AUS"]
[Site "Melbourne AUS"]
[Date "2002.01.07"]
[Round "9"]
[White "Berezina,I"]
[Black "Saw,G"]
[Result "1-0"]
[WhiteElo "2274"]
[BlackElo "2236"]

1.Nf3 d5 2.g3 c6 3.Bg2 Bg4 4.d3 Nd7 5.h3 Bh5 6.O-O Qc7 7.e4 e6 8.Qe1 O-O-O
9.Nbd2 f6 10.d4 g5 11.c4 Bg6 12.Qe2 Bg7 13.b4 Nh6 14.Bb2 Rhe8 15.b5 dxe4
16.Nxe4 c5 17.Rfd1 Kb8 18.Nxc5 Nxc5 19.dxc5 Rxd1+ 20.Rxd1 Qxc5 21.Bd4 Qc7
22.c5 e5 23.Be3 g4 24.Nh4 Qc8 25.Nxg6 gxh3 26.Bh1 hxg6 27.c6 h2+ 28.Kxh2 Ng4+
29.Kg1 Rh8 30.Bg2 b6 31.Rd7 Rh2 32.c7+  1-0

[Event "Women"]
[Site "Tallinn EST"]
[Date "2002.01.07"]
[Round "1"]
[White "Reizniece,D"]
[Black "Stjazhkina,O"]
[Result "1/2-1/2"]
[WhiteElo "2282"]
[BlackElo "2283"]

1.Nf3 d5 2.g3 c6 3.Bg2 Bg4 4.c4 e6 5.Qb3 Qb6 6.d3 Nd7 7.Be3 Bc5 8.Bxc5 Nxc5
9.Qc3 Nf6 10.Nbd2 O-O 11.b4 Ncd7 12.O-O Rfe8 13.h3 Bh5 14.g4 Bg6 15.Nh4 e5
16.Nxg6 hxg6 17.Qb3 Nf8 18.cxd5 Nxd5 19.Bxd5 cxd5 20.Qxd5 Qxb4 21.Nf3 Rad8
22.Qb3 Qe7 23.e3 e4 24.dxe4 Qxe4 25.Nd4 Ne6 26.Nxe6 Rxe6 27.Rad1 Red6 28.Rxd6 Rxd6
29.Rd1 Rxd1+  1/2-1/2

[Event "TCh-CZE 2001-2"]
[Site "CZE"]
[Date "2002.01.13"]
[Round "7"]
[White "Chloupek,S"]
[Black "Sosna,J"]
[Result "1/2-1/2"]
[WhiteElo "2330"]
[BlackElo "2415"]

1.Nf3 d5 2.g3 c6 3.Bg2 Bg4 4.O-O Nd7 5.d3 e5 6.h3 Bh5 7.e4 dxe4 8.dxe4 Bc5
9.Nbd2 f6 10.a4 a5 11.Nc4 Qc7 12.Qd3 Nb6 13.Rd1 Nxc4 14.Qxc4 b6 15.Qe2 Ne7
16.Be3 Bxe3 17.Qxe3 O-O 18.Rd2 Rfd8 19.Rad1 Kf8 20.Bf1 Rxd2 21.Rxd2 Bf7 22.Qc3 Rd8  1/2-1/2

[Event "OSS GM"]
[Site "Oslo NOR"]
[Date "2002.01.13"]
[Round "1"]
[White "Agopov,M"]
[Black "Moen,A"]
[Result "1-0"]
[WhiteElo "2400"]
[BlackElo "2265"]

1.Nf3 d5 2.g3 Nf6 3.Bg2 Bf5 4.O-O e6 5.d3 Be7 6.Nbd2 O-O 7.Nh4 Bg4 8.h3 Bh5
9.g4 Nfd7 10.Nf5 exf5 11.gxh5 Nf6 12.e4 fxe4 13.dxe4 dxe4 14.Nxe4 Qxd1 15.Rxd1 c6
16.h6 Nxe4 17.hxg7 Kxg7 18.Bxe4 Na6 19.Bf4 Nc5 20.Bf3 Rfd8 21.Bc7 Rxd1+ 22.Rxd1 Kf6
23.Bg4 Ne6 24.Bg3 Bc5 25.Rd7 b5 26.Bh4+ Kg6 27.Bxe6 fxe6 28.Rc7 Bb6 29.Rxc6 Kf5
30.Kg2 Rg8+ 31.Kf1 Rg6 32.Bg3 h5 33.Bc7 Bxc7 34.Rxc7 a6 35.Rc6  1-0

[Event "TCh-AUT 2001-2"]
[Site "Graz AUT"]
[Date "2002.01.18"]
[Round "6"]
[White "Van der Weide,K"]
[Black "Lipinsky,F"]
[Result "1/2-1/2"]
[WhiteElo "2454"]
[BlackElo "2395"]

1.Nf3 d5 2.g3 c6 3.Bg2 Bg4 4.d3 Nd7 5.Nbd2 Ngf6 6.O-O e5 7.e4 dxe4 8.dxe4 Bc5
9.h3 Bh5 10.Qe1 O-O 11.a3 Ne8 12.b4 Be7 13.Nc4 f6 14.Nh4 Bf7 15.Qe2 Nb6 16.Nxb6  1/2-1/2

[Event "TCh-AUT 2001-2"]
[Site "Graz AUT"]
[Date "2002.01.18"]
[Round "6"]
[White "Baumgartner,H"]
[Black "Penz,H"]
[Result "1-0"]
[WhiteElo "2337"]
[BlackElo "2351"]

1.Nf3 d5 2.g3 Nf6 3.Bg2 Bg4 4.d4 e6 5.O-O Bd6 6.Ne5 Bf5 7.c4 c6 8.Nc3 Bxe5
9.dxe5 Nfd7 10.cxd5 exd5 11.e4 dxe4 12.Nxe4 Bxe4 13.Bxe4 Nxe5 14.Qh5 Nbd7
15.Bf4 Ng6 16.Bxg6 fxg6 17.Rfe1+ Kf7 18.Qe2 Re8 19.Qc4+ Kf6 20.Bg5+  1-0

[Event "28th ch-YUG Youth Women"]
[Site "Obrenovac YUG"]
[Date "2002.01.18"]
[Round "9"]
[White "Stojanovic,A"]
[Black "Drljevic,L"]
[Result "0-1"]
[WhiteElo "2101"]
[BlackElo "2110"]

1.Nf3 d5 2.g3 Nf6 3.Bg2 e6 4.O-O c5 5.e3 Nc6 6.d4 Be7 7.b3 b6 8.Bb2 Bb7 9.Nbd2 O-O
10.c4 Rc8 11.Qe2 Qc7 12.Rac1 Qb8 13.Ne5 Rfd8 14.Ndf3 Nxe5 15.Nxe5 Qa8 16.Bh3 Nd7
17.f4 Nxe5 18.fxe5 Bg5 19.Rxf7 Kxf7 20.Qh5+ Kg8 21.Bxe6+ Kh8 22.Qxg5 Rc7
23.Bf5 dxc4 24.bxc4 cxd4 25.exd4 Rf8 26.d5 Bxd5 27.cxd5 Rxc1+ 28.Bxc1 Qxd5
29.Bf4 g6 30.Bg4 Qc5+ 31.Kg2 Qc6+ 32.Kh3 b5 33.Qh6 Kg8 34.Bh5 Rxf4 35.Qxf4 gxh5
36.Qg5+ Kf8  0-1

[Event "18th Open"]
[Site "Skopje MKD"]
[Date "2002.01.18"]
[Round "4"]
[White "Ilic,Z3"]
[Black "Galego,L"]
[Result "0-1"]
[WhiteElo "2364"]
[BlackElo "2521"]

1.Nf3 d5 2.g3 c6 3.Bg2 Nf6 4.O-O Bf5 5.d3 h6 6.Nbd2 e6 7.Qe1 Be7 8.e4 Bh7
9.e5 Nfd7 10.Qe2 a5 11.Re1 a4 12.a3 Na6 13.Nf1 Nc7 14.h3 Nb5 15.g4 Qb6 16.Ng3 Bg6
17.Be3 Bc5 18.Bxc5 Nxc5 19.Qe3 Nd7 20.Qf4 Nf8 21.h4 Nc7 22.Rab1 Nd7 23.Bh3 Nc5
24.Qe3 O-O-O 25.Nd4 Nb5 26.Nge2 Nxd4 27.Nxd4 h5 28.g5 Kc7 29.Kh2 Rhe8 30.Ne2 Nd7
31.Qf4 Ra8 32.Ng3 Ra5 33.Qd2 Rb5 34.c3 d4 35.c4 Rb3 36.Bf1 Nc5 37.Ne4 Bxe4
38.dxe4 Rd8 39.Kg2 Rd7 40.f3 d3 41.Rec1 g6 42.Rc3 Rxc3 43.Qxc3 d2 44.Be2 Nb3
45.Rf1 Qc5 46.Bd1 Na5 47.Be2 Rd4 48.Rd1 Nb3 49.Qe3 Qxe5 50.Rf1 Rd7 51.Rb1 Qd4
52.Kf2 Kb6 53.Qxd4+ Rxd4 54.Ke3 Kc5 55.Rd1 e5 56.f4 exf4+ 57.Kxf4 Na5 58.Ke5 Nxc4+
59.Bxc4 Kxc4 60.Kf6 Kd3  0-1

[Event "39th BPCL ch-IND"]
[Site "Nagpur IND"]
[Date "2002.01.19"]
[Round "4"]
[White "Mishra,N"]
[Black "Murali Krishnan,B"]
[Result "1-0"]
[WhiteElo "2321"]
[BlackElo "2331"]

1.Nf3 d5 2.g3 c6 3.Bg2 Bg4 4.c4 e6 5.O-O Nf6 6.Qb3 Qb6 7.Qc2 Nbd7 8.d3 Be7
9.b3 O-O 10.Nbd2 a5 11.a3 h6 12.Bb2 Bf5 13.Nd4 Bh7 14.Bh3 Bc5 15.N4f3 Rfe8
16.Ne5 Nxe5 17.Bxe5 Bd4 18.Bxd4 Qxd4 19.Nf3 Qc5 20.Qb2 Qd6 21.Qe5 Qe7 22.Rfc1 Nd7
23.Qc3 Bg6 24.Ne5 Nxe5 25.Qxe5 f6 26.Qe3 Bf7 27.Bg2 Qd6 28.Qb6 Qe7 29.Bf3 Ra6
30.Qe3 Qd6 31.cxd5 exd5 32.Qc5 Qxc5 33.Rxc5 d4 34.Rb1 Re5 35.Rxe5 fxe5 36.e3 Rb6
37.Bd1 Kf8 38.Bc2 Ke7 39.Kf1 c5 40.Ke2 g5 41.e4 Kd6 42.Kd2 Kc7 43.Ke2 a4
44.bxa4 Rxb1 45.Bxb1 Bb3 46.f4 gxf4 47.gxf4 Kd6 48.fxe5+ Kxe5 49.a5 Kd6 50.Kd2 Ke5
51.Bc2 Be6 52.Ba4 c4 53.Bb5 c3+ 54.Kc2 Kd6 55.a6 bxa6 56.Bxa6 Kc5 57.h4 Bf7
58.Bc8 Be8 59.Be6 Ba4+ 60.Bb3 Bb5 61.e5 Be8 62.Bc4 Ba4+ 63.Kc1 Be8 64.Kb1 Bg6
65.Ka2 Bh5 66.a4 Kb4 67.Bb5 Bf7+ 68.Kb1 Be6 69.Kc2 Bb3+ 70.Kc1 Be6 71.Be8 Ka5
72.Bc6 Kb4 73.Bb5 Kc5 74.Bc4 Bd7 75.a5 Ba4 76.a6 Kb6 77.Kb1 Be8  1-0

[Event "TCh-AUT 2001-2"]
[Site "Graz AUT"]
[Date "2002.01.20"]
[Round "8"]
[White "Neubauer,M"]
[Black "Novkovic,Mi"]
[Result "1/2-1/2"]
[WhiteElo "2428"]
[BlackElo "2383"]

1.g3 d5 2.Nf3 c6 3.Bg2 Bg4 4.O-O Nd7 5.d4 e6 6.Nbd2 Ngf6 7.Re1 Be7 8.e4 dxe4
9.Nxe4 Nxe4 10.Rxe4 Nf6 11.Re1 O-O 12.c3 Qb6 13.Qb3 Qxb3 14.axb3 Bxf3 15.Bxf3 a6
16.c4 Rfd8 17.Be3 Rd7 18.Kf1 h5 19.h3 g6 20.Red1 Ne8 21.Rd2 Nd6 22.g4 hxg4
23.hxg4 Bf6 24.d5 cxd5 25.cxd5 e5 26.Rc1 Re8 27.g5 Bg7 28.Bb6 e4 29.Bg4 Rde7
30.Bc5 Be5 31.Re1 Rc7 32.Bb6 Rce7 33.Rde2 Bf4 34.Bc5 Rd8 35.Bb6 Rde8 36.Bc5 Rd8
37.Bb6 Ree8 38.f3 exf3 39.Rxe8+ Rxe8 40.Rxe8+ Nxe8 41.Bd8 Kf8 42.Bxf3 Bc1
43.d6 Nxd6 44.Bf6 b5 45.Ke2 Ne8 46.Bd8 Ng7 47.Bb7 Ne6 48.Ba5 Bxg5 49.Bxa6 Be7
50.b4 Bd6 51.Kd3 Nc7 52.Bxc7 Bxc7 53.Bxb5 Ke7 54.Bc6 f5 55.Ke3 g5 56.Ba4 g4
57.Bd1 Kf6 58.b5 Ke5 59.Kf2 Kf4 60.Bc2 Kg5 61.Kg2 Bb6 62.Bd3 Kf4 63.Bc2 Bc5
64.b4 Bd4 65.Bd3 Ke5 66.Bc2 Bb6 67.Bd3 Kf6 68.Bc2 Kg5 69.Bd3 Ba7 70.Bc2 Kf4
71.Bd3 Ke5 72.Bc2 f4 73.Bd1 Kf5 74.Be2 Kg5 75.Bd1 Kh4 76.Be2 Bb6  1/2-1/2

[Event "39th BPCL ch-IND"]
[Site "Nagpur IND"]
[Date "2002.01.21"]
[Round "6"]
[White "Kunte,A"]
[Black "Swathi,G"]
[Result "0-1"]
[WhiteElo "2479"]
[BlackElo "2362"]

1.Nf3 d5 2.g3 Bg4 3.Bg2 Nd7 4.c4 e6 5.cxd5 exd5 6.h3 Bh5 7.O-O Ngf6 8.Nc3 c6
9.d3 Bc5 10.Qc2 O-O 11.e4 h6 12.Kh2 dxe4 13.dxe4 Qe7 14.Nh4 Rfe8 15.f4 Nb6
16.e5 Nfd7 17.Ne4 Nd5 18.a3 a5 19.Bd2 Qf8 20.Nxc5 Nxc5 21.Rac1 Ne6 22.g4 Bg6
23.Nxg6 fxg6 24.Bxd5 cxd5 25.Qxg6 Nc5 26.Be3 Ne4 27.Rc7 Re7 28.Rfc1 Rae8
29.Kg2 Rxc7 30.Rxc7 Re7 31.Qb6 Kh7 32.Qxa5 Qd8 33.Rc5 b6 34.Rxd5 Rd7 35.Rxd7 Qxd7
36.Qb4 Qd3 37.Kf3 Nc5 38.Qd4 Qf1+ 39.Kg3 Qh1 40.f5 Ne4+ 41.Kf4 Ng5 42.Kg3 Qf3+  0-1

[Event "Kaissa Open"]
[Site "Kharkov UKR"]
[Date "2002.01.22"]
[Round "1"]
[White "Solodovnichenko,Y"]
[Black "Maratkanov,E"]
[Result "1-0"]
[WhiteElo "2446"]
[BlackElo "2116"]

1.Nf3 d5 2.g3 c5 3.c4 Nf6 4.cxd5 Nxd5 5.Bg2 Nc6 6.O-O e5 7.Nc3 Nc7 8.d3 Be7
9.Be3 Be6 10.Rc1 f6 11.Nd2 Qd7 12.Qa4 Nd4 13.Bxd4 cxd4 14.Bxb7  1-0

[Event "Kaissa Open"]
[Site "Kharkov UKR"]
[Date "2002.01.22"]
[Round "1"]
[White "Makarov,V UKR"]
[Black "Shalimov,V UKR"]
[Result "1/2-1/2"]
[WhiteElo "2136"]
[BlackElo "2452"]

1.Nf3 d5 2.g3 c6 3.Bg2 Bg4 4.b3 Nd7 5.Bb2 Ngf6 6.O-O e6 7.d4 Be7 8.Nbd2 O-O
9.Ne5 Bf5 10.c4 a5 11.a3 h6 12.Re1 Nxe5 13.dxe5 Ne4 14.Nxe4 dxe4 15.e3 Qb6
16.Qc2 Rfd8 17.Bc3 Rd3 18.Bf1 Rd7 19.h3 h5 20.Qb2 c5 21.a4 Rad8 22.Qc2 Qc7
23.Rad1 b6 24.Kg2 h4 25.g4 Bg6 26.Rxd7 Qxd7 27.Be2 Qc6 28.Rd1 Rd3 29.Kh2 Rxd1
30.Qxd1 Kf8 31.Qd2 Ke8 32.Kg1 Qc7 33.Bd1 Bd8 34.Be2 Qe7 35.Kf1 Bc7 36.Ba1 Qg5
37.Qc3 Ke7 38.Qb2 Kf8 39.Qc3 Qd8 40.Kg1 Kg8 41.Qb2 Kh7 42.Qc3 Kh6 43.Qb2  1/2-1/2

[Event "39th BPCL ch-IND"]
[Site "Nagpur IND"]
[Date "2002.01.22"]
[Round "7"]
[White "Gokhale,C"]
[Black "Prasad,D"]
[Result "1/2-1/2"]
[WhiteElo "2407"]
[BlackElo "2465"]

1.Nf3 d5 2.g3 c6 3.Bg2 Bg4 4.O-O Nd7 5.d3 Ngf6 6.Nbd2 Qc7 7.Re1 e5 8.e4 dxe4
9.dxe4 Bc5 10.b3 O-O 11.Bb2 Rfe8 12.Qe2 b5 13.Nf1 Bh5 14.h3 Rad8 15.Red1 h6  1/2-1/2

[Event "39th BPCL ch-IND"]
[Site "Nagpur IND"]
[Date "2002.01.24"]
[Round "9"]
[White "Gokhale,C"]
[Black "Sareen,V"]
[Result "1/2-1/2"]
[WhiteElo "2407"]
[BlackElo "2346"]

1.Nf3 d5 2.g3 Nf6 3.Bg2 c5 4.O-O Nc6 5.d3 e6 6.Nbd2 Be7 7.e4 O-O 8.Re1 b5
9.e5 Nd7 10.Nf1 b4 11.h4 a5 12.N1h2 Ba6 13.Bg5 a4 14.Ng4 a3 15.b3 Nd4 16.Nxd4 cxd4
17.Qd2 Rc8 18.Re2 Rc3 19.f4 Re8  1/2-1/2

[Event "39th BPCL ch-IND"]
[Site "Nagpur IND"]
[Date "2002.01.25"]
[Round "10"]
[White "Harikrishna,P"]
[Black "Ganguly,S"]
[Result "1/2-1/2"]
[WhiteElo "2525"]
[BlackElo "2498"]

1.Nf3 d5 2.g3 Bf5 3.Bg2 Nf6 4.O-O e6 5.d3 h6 6.Nbd2 Be7 7.b3 Nbd7 8.Bb2 c6
9.c4 O-O 10.a3 a5 11.Qc2  1/2-1/2

[Event "It"]
[Site "Bijeljina Dvorovi YUG"]
[Date "2002.01.26"]
[Round "1"]
[White "Vojinovic,G"]
[Black "Savanovic,A"]
[Result "1-0"]
[WhiteElo "2456"]
[BlackElo "2428"]

1.Nf3 d5 2.g3 Nf6 3.Bg2 e6 4.O-O Be7 5.c4 O-O 6.Qc2 b6 7.d4 Bb7 8.cxd5 exd5
9.Nc3 Nbd7 10.Rd1 Re8 11.Bg5 h6 12.Bf4 Nf8 13.Be5 Ne6 14.Bxf6 Bxf6 15.e3 c5
16.dxc5 bxc5 17.Ne1 Bxc3 18.bxc3 Re7 19.Rab1 Rc8 20.c4 Rd7 21.Qf5 Qe7 22.cxd5 Rcd8
23.d6  1-0

[Event "39th BPCL ch-IND"]
[Site "Nagpur IND"]
[Date "2002.01.31"]
[Round "15"]
[White "Vijayalakshmi,S"]
[Black "Murali Krishnan,B"]
[Result "1-0"]
[WhiteElo "2399"]
[BlackElo "2331"]

1.Nf3 d5 2.g3 c6 3.Bg2 Bg4 4.O-O Nd7 5.d4 e6 6.Nbd2 Ngf6 7.b3 a5 8.a4 Bb4
9.Ba3 Bxa3 10.Rxa3 O-O 11.c4 c5 12.Ne5 Bh5 13.Ndf3 cxd4 14.Qxd4 Nxe5 15.Qxe5 Qe7
16.Raa1 dxc4 17.bxc4 Rfc8 18.Nd2 Bg6 19.Qb5 Rc7 20.Ra2 Ne8 21.Rc1 Nd6 22.Qb6 f6
23.c5 Nc8 24.Qb3 Na7 25.Qe3 Nc6 26.Nb3 e5 27.Rd2 Nb4 28.Qc3 Bf7 29.Rcd1 g6
30.Rd6 Kg7 31.Bh3 Be8 32.Re6 Qf7 33.Rdd6 Bxa4 34.Nd2 Re8 35.Rxf6 Qxf6 36.Rxf6 Kxf6
37.Ne4+ Kg7 38.Qa3 Bc2 39.Qxa5 Na6 40.Nd6 Ree7 41.Nxb7 Rxb7 42.Qxa6 Bf5 43.Bxf5 gxf5
44.h4 Rbc7 45.Qc4 Kf6 46.h5 Rc6 47.Qd5 Rec7 48.Qd8+ Ke6 49.Qg8+ Kf6 50.Qf8+ Ke6
51.g4 fxg4 52.e4 Rxc5 53.Qh6+ Kd7 54.Qxh7+ Kc6 55.Qg8 Ra5 56.Qe6+ Kb7 57.h6 Ra6
58.Qd5+ Kb8 59.h7 Rh6 60.Qb3+  1-0

[Event "39th BPCL ch-IND"]
[Site "Nagpur IND"]
[Date "2002.02.02"]
[Round "17"]
[White "Vijayalakshmi,S"]
[Black "Ganguly,S"]
[Result "0-1"]
[WhiteElo "2399"]
[BlackElo "2498"]

1.Nf3 d5 2.g3 g6 3.Bg2 Bg7 4.O-O e5 5.d3 Ne7 6.Nbd2 O-O 7.c3 Nbc6 8.Qc2 a5
9.b3 b6 10.Bb2 Qd7 11.a3 Bb7 12.Rfd1 Rad8 13.b4 Qe6 14.b5 Na7 15.c4 c6 16.bxc6 Naxc6
17.Rab1 Ba8 18.Ba1 Nd4 19.Nxd4 exd4 20.Nf3 Nf5 21.cxd5 Bxd5 22.Ng5 Qe7 23.Ne4 Rb8
24.Rb5 Rfc8 25.Qb2 Be6 26.Bf3 a4 27.Nd2 Qc7 28.Bd5 Nd6 29.Bxe6 Nxb5 30.Bxc8 Nc3
31.Re1 Rxc8 32.Nf3 Re8 33.Kg2 Qd6 34.e3 dxe3 35.d4 Nd5 36.Qb5 Re7 37.Qxa4 exf2
38.Kxf2 Rxe1 39.Nxe1 Bf6 40.Nf3 Qe6 41.Qb3 Qe4 42.Bb2 Qf5 43.Kg2 h5 44.Bc1 Qe4
45.Qd1 h4 46.Kf2 h3 47.Bb2 Ne3 48.Qb3 Ng4+ 49.Kf1 Nxh2+ 50.Kf2 Ng4+  0-1

[Event "39th BPCL ch-IND"]
[Site "Nagpur IND"]
[Date "2002.02.02"]
[Round "17"]
[White "Gokhale,C"]
[Black "Murali Krishnan,B"]
[Result "1/2-1/2"]
[WhiteElo "2407"]
[BlackElo "2331"]

1.Nf3 d5 2.g3 c6 3.Bg2 Bg4 4.O-O Nd7 5.d3 Ngf6 6.Nbd2 e5 7.e4 dxe4 8.dxe4 Bc5
9.Qe2 O-O 10.b3 Qc7 11.Bb2 Rfe8 12.h3 Bh5 13.Rfd1 b5 14.Nf1 a6 15.a3 Ba7
16.N1d2 Nc5 17.Re1 Nfd7 18.Qf1 f6 19.Nh4 Ne6 20.Nf5 Rad8 21.Bf3 Bxf3 22.Nxf3 Ndc5
23.h4 Nb7 24.h5 Nd6 25.Qh3 Nxf5 26.Qxf5 Bd4 27.c3 Bb6 28.b4 Qf7 29.Re2 Rd3
30.Kg2 Red8 31.a4 Nc7 32.axb5 axb5 33.Qg4 Qd7 34.Qxd7 R8xd7 35.Nh4 Kf7 36.Nf5 g6
37.hxg6+ hxg6 38.Nh4 Rd2 39.Rae1 Rxe2 40.Rxe2 Ne6 41.Nf3 Ra7 42.Bc1 Ra1 43.Rc2 Ke7
44.Bd2 Ba7 45.Ne1 c5 46.Nd3 Kd6 47.Kf3 c4 48.Ne1 f5 49.exf5 gxf5 50.Ng2 Nc7
51.Be3 Nd5 52.Bxa7 Rxa7 53.Ne3 Nxe3 54.fxe3 Ke6 55.e4 Rd7 56.Re2 Rd3+ 57.Re3 Rd1  1/2-1/2

[Event "7th HIT Open"]
[Site "Nova Gorica SLO"]
[Date "2002.02.03"]
[Round "4"]
[White "Kukovec,B"]
[Black "Olarasu,G"]
[Result "0-1"]
[WhiteElo "2155"]
[BlackElo "2293"]

1.Nf3 d5 2.g3 Bg4 3.Bg2 Nd7 4.O-O Ngf6 5.d3 c6 6.Nbd2 e5 7.e4 dxe4 8.dxe4 Bc5
9.h3 Bh5 10.Qe1 O-O 11.Nb3 Bb6 12.Be3 Bxf3 13.Bxf3 Qe7 14.a4 Qe6 15.g4 Rfd8
16.Bxb6 axb6 17.Qe2 Nf8 18.Nc1 Ng6 19.Nd3 Rd4 20.b3 Rad8 21.a5 bxa5 22.Rxa5 h6
23.Qe3 Nh7 24.Rfa1 Ng5 25.Bg2 Qf6 26.R1a4 Rxa4 27.bxa4 Ne6 28.Ra7 Rd7 29.a5 Qd8
30.a6 bxa6 31.Rxa6 Rd6 32.Qb6 Qxb6 33.Rxb6 Nd4 34.Nb4 Rd7 35.Nxc6 Nxc2 36.Bf1 Rd1
37.Rb8+ Kh7 38.Rd8 Rc1 39.Rd5 Ne1 40.Nd8 Nd3 41.Kg2 Nh4+ 42.Kg3 Rxf1  0-1

[Event "Aeroflot Open"]
[Site "Moscow RUS"]
[Date "2002.02.05"]
[Round "2"]
[White "Minasian,Art"]
[Black "Sandipan,C"]
[Result "1/2-1/2"]
[WhiteElo "2576"]
[BlackElo "2452"]

1.Nf3 d5 2.g3 Nf6 3.Bg2 e6 4.c4 Be7 5.O-O O-O 6.d4 c6 7.Qb3 Nbd7 8.Nc3 b6
9.Bf4 Ba6 10.Nd2 Nh5 11.Be3 f5 12.f4 Nhf6 13.h3 b5 14.c5 Rb8 15.a3 Kh8 16.Nf3 Ne4
17.Nxe4 fxe4 18.Ne5 Nxe5 19.fxe5 Rxf1+ 20.Bxf1 Bc8 21.Qc3 a5 22.b4 a4 23.h4 Bd7
24.Bh3 Qe8 25.Rf1 Qg6 26.Kh2 Rf8 27.Rxf8+ Bxf8 28.Qe1 Qf7  1/2-1/2

[Event "Aeroflot Open"]
[Site "Moscow RUS"]
[Date "2002.02.05"]
[Round "2"]
[White "Markowski,T"]
[Black "Kaidanov,G"]
[Result "0-1"]
[WhiteElo "2524"]
[BlackElo "2596"]

1.g3 d5 2.Nf3 c5 3.Bg2 Nc6 4.d4 Nf6 5.O-O e6 6.c4 dxc4 7.dxc5 Qxd1 8.Rxd1 Bxc5
9.Nbd2 c3 10.bxc3 O-O 11.Nb3 Be7 12.Nfd4 Bd7 13.Be3 Rfc8 14.Nb5 Nd8 15.Nd6 Bxd6
16.Rxd6 Bc6 17.Bg5 Bxg2 18.Bxf6 gxf6 19.Kxg2 Rxc3 20.Rad1 Nc6 21.Rd7 Rc2
22.Rxb7 Rxa2 23.Rc7 Ne5 24.Nc5 Rxe2 25.Nd7 Nxd7 26.Rdxd7 Rf8 27.Rxa7 f5 28.Kf3 Rb2
29.Re7 Rb6 30.Kg2 Kg7 31.Rec7 Kg6 32.Rcb7 Rxb7 33.Rxb7 Ra8 34.Rb4 Ra2 35.h3 h5
36.h4 Rd2 37.Ra4 e5 38.Ra6+ f6 39.Ra3 Rd4 40.Kh3 e4 41.Kg2 f4 42.gxf4 Kf5
43.Rc3 Rd2 44.Kg1 Rd3 45.Rc8 Rh3 46.Ra8 Kxf4 47.Ra5 Rxh4 48.Kf1 f5  0-1